000 01099nam0a22002531 4500
001 rc\112721
005 20050425152501.0
035 _a(NLR Aleph) 008755928
090 _a7836039
_c7836039
100 _a20021216d1991 u |0rusy50 ca
101 0 _arus
102 _aRU
105 _aa |||||||||
200 1 _aСТРУКТУРА и функции органов управления АПК в странах ЕЭС, США и Канаде
_fА.Г. Папцов, Т.С. Приходько, Е.Ч. Лупинович, Ж.Е. Соколова
_gВАСХНИЛ. ВНИИ информ. и техн.-экон. исслед. агропром. комплекса
210 _aМ.
_cВНИИТЭИагропром
_d1991
215 _a55 с.
_cсхем.
_d22
606 1 _aАграрно-промышленные комплексы
_xУправление
_xКапиталистические страны
_2nlr_sh1
701 1 _aПапцов
_bА. Г.
801 0 _aRU
_bNLR
_gpsbo
801 1 _aRU
_bELAR
_2rusmarc
801 2 _aRU
_bNLR
_c20050425
_2rusmarc
852 _aNLR
_j91-6/1258
942 _cBOOK
980 _aNB